Carta a los revolucionarios bien pensantes

Guardat en:
Dades bibliogràfiques
Autor principal: Piettre, André (Autor)
Format: Llibre
Idioma:espanyol
Publicat: Madrid Rialp 1977
Col·lecció:Libros de Bolsillo Rialp, 83
Matèries:
Etiquetes: Afegir etiqueta
Sense etiquetes, Sigues el primer a etiquetar aquest registre!

MARC

LEADER 00000nam a2200000 a 4500
001 UCZ8879
003 CL-VaPUC
008 960126e19770000SP |||||||||||||||||spa|d
082 0 4 |a 302.1  |b PIE  |2 21 
100 0 |a Piettre, André  |e author  |9 354168 
245 1 0 |a Carta a los revolucionarios bien pensantes 
300 |a 157 p 
942 |c BK 
945 |d 19960126 00:00:00  |a rbrito 
260 |a Madrid  |b Rialp  |c 1977 
650 0 |a Sociedad  |9 307903 
650 0 |a Cultura  |9 269059 
650 0 |a Ética  |9 255099 
650 0 |a Estética   |9 264950 
650 0 |a Religión   |9 255164 
583 |a last modification  |c 19960126 00:00:00  |k Rodrigo Vera 
490 0 |a Libros de Bolsillo Rialp, 83 
999 |c 244577  |d 244575 
952 |0 0  |1 0  |4 0  |6 302_100000000000000_PIE_1977  |7 0  |8 P  |9 258686  |a BIBEDU  |b BIBEDU  |c BIBEDU_PB  |d 2019-11-19  |i 3169278  |o 302.1 PIE 1977  |p 3169278  |r 2019-11-19  |w 2019-11-19  |y BK  |k EDU